|
|
|
|
| LEADER |
00000nam0a2200000 4500 |
| 001 |
65100 |
| 005 |
20231031070311.0 |
| 010 |
|
|
|a 5941576099
|
| 035 |
|
|
|a (RuTPU)RU\TPU\book\69115
|
| 090 |
|
|
|a 65100
|
| 100 |
|
|
|a 20040616d2006 km y0rusy50 ca
|
| 101 |
1 |
|
|a rus
|c eng
|
| 102 |
|
|
|a RU
|
| 105 |
|
|
|a a z 001zy
|
| 200 |
1 |
|
|a Firebird
|e руководство разработчика баз данных
|f Х. Борри
|
| 210 |
|
|
|a СПб.
|c БХВ-Петербург
|d 2006
|
| 215 |
|
|
|a 1104 с.
|c ил.
|
| 225 |
1 |
|
|a В подлиннике
|
| 320 |
|
|
|a Библиогр.: с. 1069-1073.
|
| 320 |
|
|
|a Глоссарий: с. 1074-1097.
|
| 320 |
|
|
|a Предметный указатель: с. 1098-1104.
|
| 330 |
|
|
|a Рассмотрены вопросы, необходимые разработчику для создания клиент-серверных приложений с использованием СУБД Firebird, явившейся развитием СУБД Borland Interbase 6. Содержится обзор концепций и моделей архитектуры клиент/сервер, а также практические рекомендации по работе с клиентскими библиотеками Firebird. Детально описаны особенности типов данных SQL, язык манипулирования данными (Data Manipulation Language, DML), а также синтаксис и операторы языка определения данных (Data Definition Language, DDL). Большое внимание уделено описанию транзакций и приведены советы по их использованию при разработке приложений. Описано программирование на стороне клиента и сервера: написание триггеров и хранимых процедур, создание и использование событий базы данных, обработка ошибок в коде на сервере и многое другое. Материал сопровождается многочисленными примерами, советами и практическими рекомендациями. Для разработчиков баз данных
|
| 610 |
1 |
|
|a программирование
|
| 610 |
1 |
|
|a базы данных
|
| 610 |
1 |
|
|a разработка
|
| 610 |
1 |
|
|a СУБД
|
| 610 |
1 |
|
|a Firebird
|
| 675 |
|
|
|a 681.3.016
|v 3
|
| 700 |
|
1 |
|a Борри
|b Х.
|g Хелен
|
| 801 |
|
1 |
|a RU
|b 63413507
|c 20040616
|g PSBO
|
| 801 |
|
2 |
|a RU
|b 63413507
|c 20060516
|g PSBO
|
| 942 |
|
|
|c BK
|